Csaknem 100 ezer forintba kerül a PCR-teszt a hódmezővásárhelyi kórházban

Elmentve itt :
Bibliográfiai részletek
Dokumentumtípus: Cikk
Megjelent: 2020-08-07
Sorozat:Hvg.hu
Kulcsszavak:Járvány - koronavírus, Tesztelés - PCR-teszt, Általános Orvostudományi Kar, Szent-Györgyi Albert Klinikai Központ - SZAKK, Klinikai Mikrobiológiai Diagnosztikai Intézet, UNI-MED Szeged Egészségügyi Szolgáltató Kft., Betegellátás - térítéses
Online Access:http://univ.bibl.u-szeged.hu/55194
LEADER 00923nab a2200157 i 4500
001 univ55194
005 20200907161612.0
008 200907s2020 hu o 0|| zxx d
040 |a SZTE UnivHistória Repozitórium  |b hun 
041 |a zxx 
245 0 0 |a Csaknem 100 ezer forintba kerül a PCR-teszt a hódmezővásárhelyi kórházban  |h [elektronikus dokumentum] 
260 |c 2020-08-07 
490 0 |a Hvg.hu 
561 |a Egyetemi hirarchívum 
695 |a Járvány - koronavírus, Tesztelés - PCR-teszt, Általános Orvostudományi Kar, Szent-Györgyi Albert Klinikai Központ - SZAKK, Klinikai Mikrobiológiai Diagnosztikai Intézet, UNI-MED Szeged Egészségügyi Szolgáltató Kft., Betegellátás - térítéses 
856 4 0 |u http://univ.bibl.u-szeged.hu/55194/1/Itthon_%20Csaknem%20100%20ezer%20forintba%20ker%C3%BCl%20a%20PCR-teszt%20a%20h%C3%B3dmez%C5%91v%C3%A1s%C3%A1rhelyi%20k%C3%B3rh%C3%A1zban%20_%20hvg.hu.pdf  |z Dokumentum-elérés